Biggest Metro Areas in Europe - Statistics

General Stats
  • This quiz has been taken 105 times
  • The average score is 62 of 92
Answers on the Map
Answers color-coded by a green-red scale on the quiz's map according to % correct below.
 
Answer Stats
Hint Answer Population % Correct
London 13,475,297
94%
Paris 11,249,025
94%
Dublin 1,721,812
93%
Moscow 17,217,606
93%
Berlin 4,558,043
91%
Stockholm 2,241,651
91%
Barcelona 5,345,763
90%
Istanbul 14,693,269
90%
Madrid 6,989,714
90%
Oslo 1,422,223
90%
Rome 3,684,930
90%
Saint Petersburg 5,518,560
90%
Copenhagen 2,088,197
87%
Glasgow 1,790,499
87%
Helsinki 1,439,175
87%
Lyon 2,090,206
87%
Naples 4,095,364
87%
Amsterdam 2,017,935
86%
Hamburg 2,763,491
86%
Munich 2,618,482
86%
Prague 1,977,776
86%
Athens 3,618,860
84%
Birmingham 3,083,783
84%
Kyiv 3,545,076
84%
Warsaw 2,975,932
84%
Brussels 2,338,157
83%
Lisbon 2,731,340
83%
Manchester 3,374,693
83%
Marseille 1,322,989
83%
Milan 5,301,987
83%
Cologne 3,354,797
81%
Liverpool 1,729,058
81%
Porto 1,651,124
81%
Bucharest 2,348,982
80%
Budapest 2,798,396
80%
Vienna 2,565,196
80%
Rotterdam 3,592,389
79%
Seville 1,299,106
79%
Nice 1,143,557
77%
Sofia 1,488,887
76%
Frankfurt am Main 3,167,862
74%
Leeds 3,010,473
74%
Minsk 2,173,105
74%
Turin 1,828,088
74%
Belgrade 1,612,587
73%
Bordeaux 1,085,823
73%
Kraków 1,339,089
73%
Riga 762,194
73%
Stuttgart 2,300,011
71%
Valencia 1,916,932
71%
Zürich 2,124,246
71%
Zagreb 1,008,763
70%
Antwerp 1,860,869
69%
Cardiff 1,165,502
67%
Gdańsk 987,006
66%
Toulouse 1,332,370
66%
Düsseldorf 2,557,228
64%
Gothenburg 941,867
64%
Bilbao 957,261
63%
Lille 1,226,810
63%
Newcastle upon Tyne 1,719,730
63%
Málaga 1,288,693
61%
Southampton 1,390,006
61%
The Hague 3,592,389
61%
Thessaloniki 1,011,795
61%
Odessa 1,273,381
60%
Kharkiv 1,713,794
59%
Bremen 912,616
57%
Nottingham 1,618,393
57%
Nuremberg 1,307,726
57%
Sheffield 1,166,720
57%
Bristol 1,274,128
56%
Donetsk 1,450,194
56%
Nantes 946,441
56%
Hanover 1,156,114
53%
Katowice 2,843,725
47%
Rostov-on-Don 1,349,583
47%
Łódź 1,041,339
46%
Dnipro 1,014,593
43%
Mannheim 1,755,988
43%
Poznań 975,965
33%
Ostrava 751,133
29%
Russia Volgograd 1,402,254
29%
Voronezh 1,127,100
29%
Russia Kazan 1,341,784
27%
Russia Nizhny Novgorod 1,430,212
26%
Saarbrücken 582,231
26%
Georgia Tbilisi 1,485,293
20%
Russia Ufa 1,149,103
19%
Russia Samara 1,307,406
17%
Russia Saratov 1,097,493
16%
Armenia Yerevan 1,232,670
14%
No matching quizzes found
Score Distribution
Percent of People with Each Score
Percentile by Number Answered
Your Score History
You have not taken this quiz